000 00327nam a2200121 a 4500
005 20141022141958.0
008 120306s19uu xx 00 eng d
050 _aCD-ROM
_bT57 2008
100 _aTokheim, Roger
245 _aDigital electronics principles and applications /
_cRoger Tokheim.
260 _c2008.
942 _cAVM
999 _c276108
_d276108